Porucha a anomália tiažového zrýchlenia
Salvato in:
| Autore principale: | |
|---|---|
| Altri autori: | |
| Natura: | Manoscritto Libro |
| Lingua: | slovacco |
| Pubblicazione: |
2024
|
| Soggetti: | |
| Accesso online: | http://is.stuba.sk/zp/portal_zp.pl?podrobnosti=167874 https://opac.crzp.sk/?fn=detailBiblioForm&sid=F0082B7A009D1614B1C71FB883AC |
| Tags: |
Nessun Tag, puoi essere il primo ad aggiungerne!!
|
MARC
| LEADER | 00000ntm a22000003a 4500 | ||
|---|---|---|---|
| 001 | stuzp98631 | ||
| 003 | SK-STU | ||
| 005 | 20240924135140.3 | ||
| 007 | ta | ||
| 008 | 150427s2015----xo-----f-mn---000-0-slo-d | ||
| 040 | |a STU |b slo | ||
| 041 | 0 | |a slo | |
| 100 | 1 | |a Kosztolányi, Peter |u 010130 |4 aut |U SvF Stavebná fakulta |T SvF Katedra globálnej geodézie a geoinformatiky |X 115241 |U V130 |Y 13 |7 115241 | |
| 242 | 0 | 1 | |a Gravity disturbance and gravity anomaly |y eng |
| 245 | 1 | 0 | |a Porucha a anomália tiažového zrýchlenia |
| 260 | |c 2024 | ||
| 650 | 4 | |a elipsoidická aproximácia |2 slo | |
| 650 | 4 | |a porucha tiažového zrýchlenia |2 slo | |
| 650 | 4 | |a sférická aproximácia |2 slo | |
| 650 | 4 | |a anomália tiažového zrýchlenia |2 slo | |
| 650 | 4 | |a gravity anomaly |2 eng | |
| 650 | 4 | |a gravity disturbance |2 eng | |
| 650 | 4 | |a spherical approximation |2 eng | |
| 650 | 4 | |a ellipsoidal approximation |2 eng | |
| 700 | 1 | |a Bucha, Blažej |u 010130 |k Z1 |4 ths |U SvF Stavebná fakulta |T SvF Katedra globálnej geodézie a geoinformatiky |X 44564 |U V130 |Y 13 |7 A000044564 | |
| 856 | 4 | |u http://is.stuba.sk/zp/portal_zp.pl?podrobnosti=167874 | |
| 856 | 4 | |u https://opac.crzp.sk/?fn=detailBiblioForm&sid=F0082B7A009D1614B1C71FB883AC | |